000 00525nam a2200181Ia 4500
001 11887
005 20260306162901.0
008 260306t2023||||xx |||||||||||||| ||spa||
041 _aESP
082 _aHR 200
_bN° 16 2023 SC
110 _aDiócesis de Córdoba
245 0 _aStudia Cordubensia :
_brevista de teología y ciencias religiosas de los centros académicos de la Diócesis de Córdoba
260 _c2023
300 _a371 páginas :
_c24 cm.
650 _aGEN
654 _aCHU
942 _cREV
_dJUS
_fJUS
_2ddc
_n
999 _c11887
_d11887